Những Cách Tốt Nhất Để Bảo Vệ Môi Trường - Tiết Kiệm Năng Lượng
שמור ב:
| מחבר ראשי: | |
|---|---|
| פורמט: | ספר |
| שפה: | Vietnamese |
| יצא לאור: |
VH-TT
2013
|
| תגים: |
הוספת תג
אין תגיות, היה/י הראשונ/ה לתייג את הרשומה!
|
| Thư viện lưu trữ: | Mạng thư viện Đại học Đà Nẵng |
|---|
| LEADER | 00665nam a2200277 4500 | ||
|---|---|---|---|
| 001 | 000025850 | ||
| 003 | 140 | ||
| 005 | 20150204120000.0 | ||
| 008 | 150204s vm 000 vie | ||
| 020 | |c 35000,0000 | ||
| 040 | |a D1 | ||
| 100 | |a Kim Phụng | ||
| 245 | |a Những Cách Tốt Nhất Để Bảo Vệ Môi Trường - Tiết Kiệm Năng Lượng | ||
| 260 | |b VH-TT |c 2013 | ||
| 300 | |a 143tr. ; | ||
| OWN | |a LTT | ||
| 999 | |a From the UDN01 | ||
| TYP | |a Monograph | ||
| TYP | |a Printed language | ||
| 980 | |a Mạng thư viện Đại học Đà Nẵng | ||